Adobe Lightroom and Photoshop for photographers : (Record no. 22863)
[ view plain ]
| 000 -LEADER | |
|---|---|
| fixed length control field | 01235cam a22002535a 4500 |
| 001 - CONTROL NUMBER | |
| control field | 18275683 |
| 005 - DATE AND TIME OF LATEST TRANSACTION | |
| control field | 20161025154542.0 |
| 008 - FIXED-LENGTH DATA ELEMENTS--GENERAL INFORMATION | |
| fixed length control field | 140821s2014 caua fr 001 0 eng d |
| 020 ## - INTERNATIONAL STANDARD BOOK NUMBER | |
| International Standard Book Number | 9780133816716 |
| 020 ## - INTERNATIONAL STANDARD BOOK NUMBER | |
| International Standard Book Number | 0133816710 |
| 040 ## - CATALOGING SOURCE | |
| Original cataloging agency | UKMGB |
| Language of cataloging | eng |
| Transcribing agency | UKMGB |
| Modifying agency | OCLCO |
| -- | BTCTA |
| -- | YDXCP |
| -- | BDX |
| -- | CDX |
| -- | LD4 |
| -- | TXI |
| -- | DLC |
| -- | EG-ScBUE |
| 082 04 - DEWEY DECIMAL CLASSIFICATION NUMBER | |
| Classification number | 006.68602477 |
| Edition number | 22 |
| Item number | KAB |
| 100 1# - MAIN ENTRY--PERSONAL NAME | |
| Personal name | Kabili, Jan. |
| 245 10 - TITLE STATEMENT | |
| Title | Adobe Lightroom and Photoshop for photographers : |
| Remainder of title | classroom in a book : the official training workbook from Adobe / |
| Statement of responsibility, etc | Jan Kabili. |
| 260 ## - PUBLICATION, DISTRIBUTION, ETC. (IMPRINT) | |
| Place of publication, distribution, etc | San Jose : |
| Name of publisher, distributor, etc | AdobePress, |
| Date of publication, distribution, etc | c.2014. |
| 300 ## - PHYSICAL DESCRIPTION | |
| Extent | vi, 401 p. : |
| Other physical details | ill. ; |
| Dimensions | 24 cm. |
| 500 ## - GENERAL NOTE | |
| General note | Index : p. 382-400. |
| 505 0# - FORMATTED CONTENTS NOTE | |
| Formatted contents note | Getting ready to use Lightroom with Photoshop -- Lightroom-Photoshop roundtrip workflow -- Managing photos in Lightroom's library module -- Processing photos in Lightroom's develop module -- Lightroom to Photoshop for combining photos -- Lightroom to Photoshop for selecting and masking -- Lightroom to Photoshop for retouching -- Lightroom to Photoshop for special effects. |
| 630 07 - SUBJECT ADDED ENTRY--UNIFORM TITLE | |
| Uniform title | Adobe Photoshop lightroom. |
| 650 #7 - SUBJECT ADDED ENTRY--TOPICAL TERM | |
| Topical term or geographic name as entry element | Photography |
| General subdivision | Digital techniques |
| -- | Computer programs. |
| Source of heading or term | BUEsh |
| 651 ## - SUBJECT ADDED ENTRY--GEOGRAPHIC NAME | |
| Source of heading or term | BUEsh |
| 653 ## - INDEX TERM--UNCONTROLLED | |
| Resource For college | Informatics and Computer Science |
| Arrived date list | October2016 |
| 942 ## - ADDED ENTRY ELEMENTS (KOHA) | |
| Source of classification or shelving scheme | Dewey Decimal Classification |
| Withdrawn status | Item status | Source of classification or shelving scheme | Damaged status | Not for loan | Vendor | Home library | Current library | Shelving location | Date acquired | Source of acquisition | Cost, normal purchase price | Serial Enumeration / chronology | Total Checkouts | Total Renewals | Full call number | Barcode | Date last seen | Date last borrowed | Cost, replacement price | Koha item type |
|---|---|---|---|---|---|---|---|---|---|---|---|---|---|---|---|---|---|---|---|---|
| Dewey Decimal Classification | Baccah | Central Library | Central Library | Lower Floor | 25/10/2016 | Purchase | 510.00 | 3643 | 2 | 14 | 006.68602477 KAB | 000034581 | 15/07/2025 | 13/02/2018 | 637.50 | Book - Borrowing |